000
00191nam a2200073Ia 4500
008
170524s9999 xx 000 0 und d
100
_a
GIRIJA- M
245
0
_a
INTRODUCTION TO STATISTICS
260
_b
VIKAS PUB. HOUSE NEW DELHI
999
_c
8308
_d
8308